Statistics for Rock and Roll by Letter M

Click here to take the quiz!

General Stats

  • This quiz has been taken 113 times
  • The average score is 8 of 15

Answer Stats

HintAnswer% Correct
They've won grammy awards for Best Metal Performance in 1990, 1991, 1992, 1999, 2002 and 2009Metallica
89%
She was married to Sean Penn and Guy RitchieMadonna
84%
The Lizard KingJim Morrison
68%
This rock and roll legend was born Farrokh BulsaraFreddie Mercury
66%
REM wrote and performed this song as a tribute to comedian Andy KaufmanMan on the Moon
61%
This bass player has been knighted and is sometimes referred to as "Macca"Paul McCartney
59%
This drummer died from an overdose of pills that were prescribed to curb his urge to overindulge on alcoholKeith Moon
58%
A hit by Tommy James and the Shondells in the 60's and again by Billy Idol in the 80'sMony Mony
54%
"The Beautiful People" is a song performed by this Alternative Metal bandMarilyn Manson
48%
This English rock band was formed in 1975 by Ian Fraser KilmisterMotorhead
44%
American Punk Celtic band that had a platinum hit with "I'm Shipping Up to Boston" is from this stateMassachusetts
42%
You can eat this rock stars namesakeMeatloaf
37%
A traditional British song about prostitutes on Lime Street that was on the Beatles "Let it Be" albumMaggie Mae
22%
Hit single released in 1996 by the band BushMachinehead
16%
Ed Sheeran plays a Signature Artist Edition acoustic guitar from this companyMartin
14%

Score Distribution

Percentile by Number Answered

Percent of People with Each Score

Your Score History

You have not taken this quiz